[Event "Monarch Assurance Isle of Man 10th"]
[Site "Port Erin IOM"]
[Date "2001.09.29"]
[Round "1.1"]
[White "Tiviakov, Sergei"]
[Black "Shaw, John"]
[Result "1/2-1/2"]
[WhiteElo "2618"]
[BlackElo "2478"]
[PlyCount "27"]
[EventDate "2001.09.29"]
[EventType "swiss"]
[EventRounds "9"]
[EventCountry "IOM"]
[SourceTitle "BritBase"]
[SourceDate "2008.07.14"]
[SourceVersion "1"]
[SourceVersionDate "2008.07.14"]
[SourceQuality "2"]

1. e4 c5 2. Nf3 Nc6 3. d4 cxd4 4. Nxd4 e5 5. Nb5 d6 6. c4 Be7 7. N1c3 a6 8. Na3
f5 9. exf5 Bxf5 10. Bd3 Be6 11. O-O Nf6 12. Nc2 O-O 13. Bg5 Ng4 14. Bxe7
1/2-1/2

[Event "Monarch Assurance Isle of Man 10th"]
[Site "Port Erin IOM"]
[Date "2001.09.29"]
[Round "1.2"]
[White "Arakhamia-Grant, Ketevan"]
[Black "Gleizerov, Evgeny"]
[Result "0-1"]
[WhiteElo "2446"]
[BlackElo "2587"]
[PlyCount "80"]
[EventDate "2001.09.29"]
[EventType "swiss"]
[EventRounds "9"]
[EventCountry "IOM"]
[SourceTitle "BritBase"]
[SourceDate "2008.07.14"]
[SourceVersion "1"]
[SourceVersionDate "2008.07.14"]
[SourceQuality "2"]

1. e4 e6 2. d4 d5 3. Nc3 Nf6 4. e5 Nfd7 5. Nce2 c5 6. c3 cxd4 7. cxd4 f6 8. Nf4
Bb4+ 9. Bd2 Qb6 10. Bxb4 Qxb4+ 11. Qd2 Qxd2+ 12. Kxd2 Ke7 13. exf6+ gxf6 14.
Re1 Nb6 15. Nf3 Kd6 16. Bd3 Nc6 17. Nh5 Rf8 18. Bxh7 e5 19. dxe5+ fxe5 20. Kc1
Bg4 21. Ng3 Bxf3 22. gxf3 Nd4 23. h4 Rxf3 24. h5 Rxf2 25. Ref1 Rg2 26. Nf5+
Nxf5 27. Bxf5 Nc4 28. h6 Ne3 29. Rf3 Nxf5 30. Rxf5 Rc8+ 31. Kb1 Rcc2 32. Rfh5
Rxb2+ 33. Ka1 Rxa2+ 34. Kb1 d4 35. h7 d3 36. Rd1 Rgb2+ 37. Kc1 Rh2 38. Rxd3+
Ke6 39. Rxh2 Rxh2 40. Ra3 a6 0-1

[Event "Monarch Assurance Isle of Man 10th"]
[Site "Port Erin IOM"]
[Date "2001.09.29"]
[Round "1.3"]
[White "Baburin, Alexander"]
[Black "Hillarp Persson, Tiger"]
[Result "1/2-1/2"]
[WhiteElo "2584"]
[BlackElo "2438"]
[PlyCount "96"]
[EventDate "2001.09.29"]
[EventType "swiss"]
[EventRounds "9"]
[EventCountry "IOM"]
[SourceTitle "BritBase"]
[SourceDate "2008.07.14"]
[SourceVersion "1"]
[SourceVersionDate "2008.07.14"]
[SourceQuality "2"]

1. d4 d5 2. c4 dxc4 3. e3 e5 4. Bxc4 Nc6 5. Nf3 e4 6. Nfd2 Qg5 7. Nxe4 Qxg2 8.
Ng3 Nf6 9. Bf1 Qd5 10. Nc3 Bb4 11. Bd2 Qd8 12. a3 Ba5 13. Nh5 O-O 14. Rg1 g6
15. Nxf6+ Qxf6 16. b4 Bb6 17. Nd5 Qf5 18. Nxb6 axb6 19. b5 Ne7 20. h4 Qf6 21.
h5 Re8 22. hxg6 hxg6 23. Be2 Nf5 24. Qc1 {(=)} c6 25. bxc6 bxc6 26. Qc3 Ba6 27.
Bxa6 Rxa6 28. Rc1 Nh4 29. Rg3 Nf3+ 30. Kf1 Nxd2+ 31. Qxd2 Rxa3 32. Kg2 Ra4 33.
Qc3 Re6 34. e4 Ra2 35. Rf3 Qg5+ 36. Rg3 Qf4 37. Qe3 Rxe4 38. Qxf4 Rxf4 39. Rf3
Rg4+ 40. Kf1 Rxd4 41. Rxc6 Ra1+ 42. Kg2 Rg4+ 43. Kh2 Rh4+ 44. Kg2 Rah1 45. Rxb6
R4h2+ 46. Kg3 Rh3+ 47. Kf4 g5+ 48. Kg4 Rxf3 1/2-1/2

[Event "Monarch Assurance Isle of Man 10th"]
[Site "Port Erin IOM"]
[Date "2001.09.29"]
[Round "1.4"]
[White "McNab, Colin"]
[Black "Galkin, Alexander"]
[Result "0-1"]
[WhiteElo "2437"]
[BlackElo "2583"]
[PlyCount "82"]
[EventDate "2001.09.29"]
[EventType "swiss"]
[EventRounds "9"]
[EventCountry "IOM"]
[SourceTitle "BritBase"]
[SourceDate "2008.07.14"]
[SourceVersion "1"]
[SourceVersionDate "2008.07.14"]
[SourceQuality "2"]

1. c4 e6 2. Nf3 d5 3. b3 Nf6 4. g3 b6 5. Bg2 Bb7 6. O-O Nbd7 7. Bb2 Bd6 8. Nc3
O-O 9. d3 Re8 10. Qc2 c5 11. e4 d4 12. Ne2 e5 13. Bc1 a6 14. Nh4 Bf8 15. Nf5 b5
16. Bd2 Bc6 17. h3 Nb6 18. Kh2 Rb8 19. f4 bxc4 20. bxc4 Nxe4 21. Ba5 g6 22. Nh4
Qd6 23. Bxb6 Rxb6 24. dxe4 d3 25. Qd2 dxe2 26. Qxe2 exf4 27. Rxf4 Bg7 28. Rd1
Qe6 29. Nf3 Rb2 30. Rd2 Rxd2 31. Nxd2 Bh6 32. Rf2 Bxd2 33. Qxd2 Qxc4 34. Rf4
Qd4 35. Qa5 Qc4 36. h4 Bd7 37. Rf6 Be6 38. a3 Rb8 39. Qc7 Rb2 40. Qd8+ Kg7 41.
e5 Qd5 0-1

[Event "Monarch Assurance Isle of Man 10th"]
[Site "Port Erin IOM"]
[Date "2001.09.29"]
[Round "1.5"]
[White "Ulibin, Mikhail"]
[Black "Cherniaev, Alexander"]
[Result "1-0"]
[WhiteElo "2583"]
[BlackElo "2437"]
[PlyCount "105"]
[EventDate "2001.09.29"]
[EventType "swiss"]
[EventRounds "9"]
[EventCountry "IOM"]
[SourceTitle "BritBase"]
[SourceDate "2008.07.14"]
[SourceVersion "1"]
[SourceVersionDate "2008.07.14"]
[SourceQuality "2"]

1. d4 Nf6 2. c4 c5 3. d5 b5 4. cxb5 a6 5. b6 e6 6. Nc3 Nxd5 7. Nxd5 exd5 8.
Qxd5 Nc6 9. Nf3 Rb8 10. e4 Be7 11. Bc4 O-O 12. Qh5 Rxb6 13. O-O d6 14. Rd1 Be6
15. Bxe6 fxe6 16. Qg4 Qc8 17. Rb1 Rb4 18. b3 e5 19. Qxc8 Rxc8 20. Nd2 Nd4 21.
Bb2 Kf7 22. Kf1 Ke6 23. Bc3 Rb7 24. Nc4 Bg5 25. Rd3 Rf8 26. Rb2 Bc1 27. Rb1 Bg5
28. f3 h5 29. Rb2 g6 30. Rd1 Ra8 31. Bxd4 exd4 32. g3 a5 33. Ke2 Bd8 34. Kd3
Rf7 35. f4 Bc7 36. a4 h4 37. Rg2 hxg3 38. hxg3 Rb8 39. Nd2 Rh7 40. Rf1 d5 41.
f5+ gxf5 42. exd5+ Kxd5 43. Rxf5+ Kc6 44. Rf6+ Kd5 45. Rf5+ Kc6 46. Re2 Bxg3
47. Re6+ Kd7 48. Rg6 Bc7 49. Ne4 Rxb3+ 50. Kc4 Rb4+ 51. Kd5 Kc8 52. Rf8+ Bd8
53. Rc6+ 1-0

[Event "Monarch Assurance Isle of Man 10th"]
[Site "Port Erin IOM"]
[Date "2001.09.29"]
[Round "1.6"]
[White "Crouch, Colin"]
[Black "Yakovich, Yuri"]
[Result "0-1"]
[WhiteElo "2407"]
[BlackElo "2577"]
[PlyCount "60"]
[EventDate "2001.09.29"]
[EventType "swiss"]
[EventRounds "9"]
[EventCountry "IOM"]
[SourceTitle "BritBase"]
[SourceDate "2008.07.14"]
[SourceVersion "1"]
[SourceVersionDate "2008.07.14"]
[SourceQuality "2"]

1. d4 d5 2. Nf3 Nf6 3. Bf4 c5 4. dxc5 e6 5. b4 a5 6. c3 Bd7 7. Nbd2 b6 8. cxb6
axb4 9. cxb4 Bxb4 10. Bc7 Qc8 11. Qb3 Nc6 12. a3 O-O 13. Qb2 Be7 14. b7 Qxc7
15. bxa8=Q Rxa8 16. e3 Ne4 17. Qc2 Bf6 18. Rc1 Rxa3 19. Nxe4 dxe4 20. Qxe4 Qa5+
21. Nd2 Bc3 22. Qd3 Ne5 23. Qd6 g6 24. Rb1 Ra1 25. Qb8+ Kg7 26. Rxa1 Qxa1+ 27.
Ke2 Qa2 28. Qd6 Bb5+ 29. Kd1 Qa1+ 30. Kc2 Ba4+ 0-1

[Event "Monarch Assurance Isle of Man 10th"]
[Site "Port Erin IOM"]
[Date "2001.09.29"]
[Round "1.7"]
[White "Hebden, Mark"]
[Black "Afek, Yochanan"]
[Result "1/2-1/2"]
[WhiteElo "2559"]
[BlackElo "2381"]
[PlyCount "101"]
[EventDate "2001.09.29"]
[EventType "swiss"]
[EventRounds "9"]
[EventCountry "IOM"]
[SourceTitle "BritBase"]
[SourceDate "2008.07.14"]
[SourceVersion "1"]
[SourceVersionDate "2008.07.14"]
[SourceQuality "2"]

1. d4 d5 2. c4 dxc4 3. Nf3 c5 4. e3 cxd4 5. Bxc4 Qc7 6. Qc2 e6 7. exd4 Bd7 8.
O-O b5 9. Bb3 Qxc2 10. Bxc2 Nf6 11. Ne5 Nc6 12. Nxd7 Kxd7 13. Nc3 a6 14. d5
Nxd5 15. Rd1 Bd6 16. Nxd5 exd5 17. Rxd5 Kc7 18. Bb3 Rad8 19. Be3 Na5 20. Rc1+
Kb7 21. Rf5 f6 22. Bd5+ Kb8 23. b3 Be5 24. Be4 Nb7 25. Rh5 g6 26. Rh3 f5 27.
Bf3 h5 28. Rh4 Rc8 29. Rb1 Rhd8 30. a4 Nd6 31. axb5 axb5 32. Bd4 Bxd4 33. Rxd4
Ne4 34. Rb4 Nc3 35. Ra1 Kc7 36. h3 Kb6 37. g4 Rd3 38. Rf4 Rc5 39. Kg2 fxg4 40.
Rf6+ Kc7 41. Ra7+ Kb8 42. Ra8+ Kc7 43. hxg4 hxg4 44. Rf7+ Kd6 45. Ra6+ Ke5 46.
Bxg4 Nd5 47. Re6+ Kd4 48. Rxg6 Rxb3 49. Be6 Rd3 50. Rg4+ Kc3 51. Rb7 1/2-1/2

[Event "Monarch Assurance Isle of Man 10th"]
[Site "Port Erin IOM"]
[Date "2001.09.29"]
[Round "1.8"]
[White "Williams, Simon K"]
[Black "Kiriakov, Petr"]
[Result "1/2-1/2"]
[WhiteElo "2369"]
[BlackElo "2548"]
[PlyCount "34"]
[EventDate "2001.09.29"]
[EventType "swiss"]
[EventRounds "9"]
[EventCountry "IOM"]
[SourceTitle "BritBase"]
[SourceDate "2008.07.14"]
[SourceVersion "1"]
[SourceVersionDate "2008.07.14"]
[SourceQuality "2"]

1. e4 e6 2. d4 d5 3. Nc3 Nf6 4. Bg5 dxe4 5. Nxe4 Be7 6. Bxf6 gxf6 7. Nf3 b6 8.
Bc4 Bb7 9. Qe2 c6 10. O-O Nd7 11. Nh4 Nf8 12. Nf5 Ng6 13. Qe3 O-O 14. Nxe7+
Qxe7 15. Ng3 Kh8 16. Rae1 Rg8 17. c3 Rae8 1/2-1/2

[Event "Monarch Assurance Isle of Man 10th"]
[Site "Port Erin IOM"]
[Date "2001.09.29"]
[Round "1.10"]
[White "Marusenko, Petr"]
[Black "Lalic, Bogdan"]
[Result "1/2-1/2"]
[WhiteElo "2362"]
[BlackElo "2528"]
[PlyCount "30"]
[EventDate "2001.09.29"]
[EventType "swiss"]
[EventRounds "9"]
[EventCountry "IOM"]
[SourceTitle "BritBase"]
[SourceDate "2008.07.14"]
[SourceVersion "1"]
[SourceVersionDate "2008.07.14"]
[SourceQuality "2"]

1. e4 e5 2. Bc4 Nf6 3. d3 c6 4. Nf3 d5 5. Bb3 Bd6 6. O-O dxe4 7. Ng5 O-O 8.
Nxe4 Nxe4 9. dxe4 Na6 10. c3 Qe7 11. Be3 Bc5 12. Qe2 Bxe3 13. Qxe3 Nc5 14. Bc2
Be6 15. Nd2 Rfd8 1/2-1/2

[Event "Monarch Assurance Isle of Man 10th"]
[Site "Port Erin IOM"]
[Date "2001.09.29"]
[Round "1.11"]
[White "Brodsky, Michail"]
[Black "Sowray, Peter J"]
[Result "1-0"]
[WhiteElo "2528"]
[BlackElo "2334"]
[PlyCount "75"]
[EventDate "2001.09.29"]
[EventType "swiss"]
[EventRounds "9"]
[EventCountry "IOM"]
[SourceTitle "BritBase"]
[SourceDate "2008.07.14"]
[SourceVersion "1"]
[SourceVersionDate "2008.07.14"]
[SourceQuality "2"]

1. e4 c5 2. Nf3 d6 3. d4 cxd4 4. Nxd4 Nf6 5. Nc3 a6 6. Be2 e5 7. Nb3 Be7 8. O-O
O-O 9. Kh1 b6 10. f3 Bb7 11. a4 Nbd7 12. Be3 Rc8 13. Rf2 Rc7 14. Bf1 Qa8 15.
Rd2 h6 16. Nc1 Rxc3 17. bxc3 d5 18. exd5 Nxd5 19. Rd3 e4 20. fxe4 Nxe3 21. Rxe3
Nc5 22. e5 Ne4 23. Qe1 Rc8 24. Nb3 Bg5 25. e6 fxe6 26. Rf3 Bf6 27. Nd4 e5 28.
Nf5 Ng5 29. Re3 Nf7 30. Rb1 Rc6 31. Rg3 Qc8 32. Qf2 Ng5 33. Rb4 e4 34. h4 Rc5
35. Nxh6+ Kh7 36. hxg5 Bxc3 37. Rxb6 Bd4 38. Qxd4 1-0

[Event "Monarch Assurance Isle of Man 10th"]
[Site "Port Erin IOM"]
[Date "2001.09.29"]
[Round "1.12"]
[White "Ryan, Joseph"]
[Black "Gallagher, Joseph"]
[Result "0-1"]
[WhiteElo "2305"]
[BlackElo "2516"]
[PlyCount "62"]
[EventDate "2001.09.29"]
[EventType "swiss"]
[EventRounds "9"]
[EventCountry "IOM"]
[SourceTitle "BritBase"]
[SourceDate "2008.07.14"]
[SourceVersion "1"]
[SourceVersionDate "2008.07.14"]
[SourceQuality "2"]

1. d4 d6 2. e4 Nf6 3. Nc3 g6 4. Nf3 Bg7 5. Be3 c6 6. Qd2 Qa5 7. h3 Nbd7 8. Bd3
O-O 9. O-O Qc7 10. a4 b6 11. Rfe1 e5 12. dxe5 dxe5 13. Bc4 Bb7 14. Rad1 a6 15.
Qd6 Rac8 16. Bb3 b5 17. Bg5 Rfe8 18. axb5 axb5 19. Qxc7 Rxc7 20. Rd6 h6 21. Bh4
g5 22. Bg3 Nh5 23. h4 Nxg3 24. fxg3 Bf8 25. Rd2 Bc5+ 26. Kh1 Kg7 27. Nd1 Nf6
28. Nf2 g4 29. Nd3 Bb6 30. Nh2 c5 31. c4 Ba5 0-1

[Event "Monarch Assurance Isle of Man 10th"]
[Site "Port Erin IOM"]
[Date "2001.09.29"]
[Round "1.13"]
[White "Flear, Glenn"]
[Black "Allen, Keith"]
[Result "1-0"]
[WhiteElo "2489"]
[BlackElo "2289"]
[PlyCount "93"]
[EventDate "2001.09.29"]
[EventType "swiss"]
[EventRounds "9"]
[EventCountry "IOM"]
[SourceTitle "BritBase"]
[SourceDate "2008.07.14"]
[SourceVersion "1"]
[SourceVersionDate "2008.07.14"]
[SourceQuality "2"]

1. d4 Nf6 2. c4 g6 3. Nc3 d5 4. Bf4 Bg7 5. e3 c6 6. Nf3 O-O 7. Bd3 Bg4 8. h3
Bxf3 9. Qxf3 Qb6 10. Qe2 c5 11. dxc5 Qxc5 12. O-O Nc6 13. Rac1 e5 14. cxd5 Nxd5
15. Ne4 Nxf4 16. Nxc5 Nxe2+ 17. Bxe2 e4 18. b3 Nb4 19. Nxe4 Nxa2 20. Rc7 a5 21.
Bc4 Nc3 22. Nxc3 Bxc3 23. Bxf7+ Rxf7 24. Rxc3 b5 25. Rfc1 Raa7 26. Rc8+ Kg7 27.
Rb8 Rf5 28. Ra1 a4 29. bxa4 bxa4 30. Ra3 Rc5 31. Rb4 Rca5 32. h4 Kf6 33. Rf4+
Ke6 34. g4 Kd6 35. Kg2 Kc5 36. Kg3 Kb5 37. g5 R5a6 38. Rd4 Rc7 39. f4 Raa7 40.
e4 Rc4 41. Rxc4 Kxc4 42. f5 Kb4 43. Ra1 Re7 44. f6 Re8 45. Kf4 a3 46. e5 Kb3
47. f7 1-0

[Event "Monarch Assurance Isle of Man 10th"]
[Site "Port Erin IOM"]
[Date "2001.09.29"]
[Round "1.14"]
[White "Bisby, Daniel"]
[Black "Gormally, Daniel W"]
[Result "0-1"]
[WhiteElo "2285"]
[BlackElo "2481"]
[PlyCount "86"]
[EventDate "2001.09.29"]
[EventType "swiss"]
[EventRounds "9"]
[EventCountry "IOM"]
[SourceTitle "BritBase"]
[SourceDate "2008.07.14"]
[SourceVersion "1"]
[SourceVersionDate "2008.07.14"]
[SourceQuality "2"]

1. e4 c5 2. Nc3 d6 3. g3 Nc6 4. Bg2 g6 5. d3 Bg7 6. Be3 Rb8 7. Qd2 b5 8. Nge2
Nd4 9. O-O h5 10. b4 a5 11. bxc5 dxc5 12. Rab1 Bd7 13. f4 b4 14. Nd1 h4 15. c3
Nxe2+ 16. Qxe2 hxg3 17. hxg3 Rc8 18. cxb4 cxb4 19. Nf2 {(=)} e5 20. Rbc1 Ne7
21. Rxc8 Bxc8 22. Qf3 O-O 23. Bc5 exf4 24. gxf4 Bd4 25. Bxd4 Qxd4 26. Rc1 a4
27. f5 gxf5 28. Rc4 Qb6 29. exf5 Bxf5 30. Qf4 b3 31. axb3 axb3 32. Rb4 Qe6 33.
Ne4 Ng6 34. Qd6 Rc8 35. Qd4 Bxe4 36. Qxe4 Rc1+ 37. Kh2 Qd6+ 38. Kh3 Kg7 39. Bf3
Rg1 40. Bg2 Rc1 41. Rxb3 Nf4+ 42. Kg4 Nxg2 43. Qxg2 Rg1 0-1

[Event "Monarch Assurance Isle of Man 10th"]
[Site "Port Erin IOM"]
[Date "2001.09.29"]
[Round "1.15"]
[White "Bousbouras, Spyridon"]
[Black "Hanley, Craig A"]
[Result "1/2-1/2"]
[WhiteElo "2102"]
[BlackElo "2278"]
[PlyCount "160"]
[EventDate "2001.09.29"]
[EventType "swiss"]
[EventRounds "9"]
[EventCountry "IOM"]
[SourceTitle "BritBase"]
[SourceDate "2008.07.14"]
[SourceVersion "1"]
[SourceVersionDate "2008.07.14"]
[SourceQuality "2"]

1. e4 e6 2. Nf3 d5 3. Nc3 Nf6 4. e5 Nfd7 5. d4 c5 6. dxc5 Nc6 7. Bf4 Bxc5 8.
Bd3 f6 9. exf6 Nxf6 10. O-O O-O 11. Na4 Bd6 12. Bxd6 Qxd6 13. c4 d4 14. Nc3 e5
15. Re1 Bg4 16. Ne4 Qd7 17. h3 Bh5 18. Ng3 Bxf3 19. Qxf3 Rae8 20. Ne4 Qe7 21.
a3 a5 22. g3 g6 23. Qe2 Kg7 24. Rab1 Nxe4 25. Bxe4 Qc5 26. b4 axb4 27. axb4
Nxb4 28. Qd2 Na6 29. Rxb7+ Re7 30. Rxe7+ Qxe7 31. f4 exf4 32. Qxd4+ Qf6 33.
Qxf6+ Rxf6 34. g4 Re6 35. Kf1 Nc5 36. Bd5 Rxe1+ 37. Kxe1 Kf6 38. Kf2 g5 39. Ke2
Ke5 40. Bg8 h6 41. Bf7 Kd4 42. Bd5 Nd3 43. Bb7 Ne5 44. Bd5 Nxc4 45. Bb7 Kc3 46.
Bc6 Na3 47. Bd5 Nb5 48. Bb7 Nd4+ 49. Kf2 Kd2 50. Be4 Nb5 51. Bb7 Nc3 52. Ba6
Nd1+ 53. Kf3 Ke1 54. h4 Ne3 55. hxg5 hxg5 56. Bd3 Nf1 57. Ke4 Kf2 58. Kf5 Ng3+
59. Kxg5 Ke3 60. Ba6 f3 61. Kh4 Ne2 62. Kh3 f2 63. Kg2 Nf4+ 64. Kf1 Kf3 65.
Bb7+ Kg3 66. g5 Ng6 67. Bg2 Ne5 68. Bh3 Kf3 69. Bg2+ Ke3 70. Bb7 Nc4 71. Ba6
Nd6 72. g6 Nf5 73. Bd3 Ng3+ 74. Kg2 Nh5 75. Kf1 Ng7 76. Kg2 Ne6 77. Kf1 Kf3 78.
Be4+ Kg3 79. Bg2 Nc7 80. Be4 Ne6 1/2-1/2

[Event "Monarch Assurance Isle of Man 10th"]
[Site "Port Erin IOM"]
[Date "2001.09.29"]
[Round "1.16"]
[White "Willmoth, Robert"]
[Black "Ellison, D George"]
[Result "1-0"]
[WhiteElo "2239"]
[BlackElo "2104"]
[PlyCount "59"]
[EventDate "2001.09.29"]
[EventType "swiss"]
[EventRounds "9"]
[EventCountry "IOM"]
[SourceTitle "BritBase"]
[SourceDate "2008.07.14"]
[SourceVersion "1"]
[SourceVersionDate "2008.07.14"]
[SourceQuality "2"]

1. b3 e5 2. Bb2 d6 3. g3 Nf6 4. Bg2 c5 5. e4 Nc6 6. Ne2 Be6 7. c4 Qd7 8. h3 h5
9. f4 g6 10. O-O Bxh3 11. fxe5 Bxg2 12. Kxg2 Ng4 13. e6 Qxe6 14. Bxh8 Qxe4+ 15.
Kg1 Bh6 16. Nf4 Nce5 17. Nc3 Qd4+ 18. Kg2 O-O-O 19. Bxe5 dxe5 20. Nfe2 Qd7 21.
Nd5 f5 22. Rb1 Kb8 23. Qc2 e4 24. b4 cxb4 25. Rxb4 Bf8 26. Rb5 Qc6 27. Nd4 Qc8
28. Rfb1 Rd7 29. Qa4 Bc5 30. Rxc5 1-0

[Event "Monarch Assurance Isle of Man 10th"]
[Site "Port Erin IOM"]
[Date "2001.09.29"]
[Round "1.17"]
[White "Clark, Stephen P"]
[Black "Smith, Andrew P"]
[Result "0-1"]
[WhiteElo "2112"]
[BlackElo "2234"]
[PlyCount "77"]
[EventDate "2001.09.29"]
[EventType "swiss"]
[EventRounds "9"]
[EventCountry "IOM"]
[SourceTitle "BritBase"]
[SourceDate "2008.07.14"]
[SourceVersion "1"]
[SourceVersionDate "2008.07.14"]
[SourceQuality "2"]

1. d4 d5 2. Bf4 c6 3. Nf3 Bg4 4. Nbd2 Nd7 5. e3 Ngf6 6. h3 Bh5 7. c4 e6 8. Qb3
Qc8 9. Rc1 Be7 10. Bd3 O-O 11. O-O Bg6 12. cxd5 exd5 13. Ne5 Bxd3 14. Qxd3 Nxe5
15. Bxe5 Qe6 16. a3 Nd7 17. Bh2 Rac8 18. b4 b5 19. Rfe1 Rfe8 20. Nb3 Nb6 21. e4
Bg5 22. Nc5 Qg6 23. Rc2 Nc4 24. Rce2 h6 25. Bg3 dxe4 26. Nxe4 Red8 27. Qc3 Be7
28. Nd2 Bf6 29. Nxc4 Bxd4 30. Qc1 Qxg3 31. Na5 Qg6 32. Rc2 Qf6 33. Ree2 Rd6 34.
Nb7 Re6 35. Rxe6 Qxe6 36. Na5 Qf6 37. Nb3 Be5 38. Na5 Bf4 39. Qe1 {time} 0-1

[Event "Monarch Assurance Isle of Man 10th"]
[Site "Port Erin IOM"]
[Date "2001.09.29"]
[Round "1.18"]
[White "Jackson, Adrian"]
[Black "Lutton, J Ezra"]
[Result "1-0"]
[WhiteElo "2230"]
[BlackElo "2093"]
[PlyCount "47"]
[EventDate "2001.09.29"]
[EventType "swiss"]
[EventRounds "9"]
[EventCountry "IOM"]
[SourceTitle "BritBase"]
[SourceDate "2008.07.14"]
[SourceVersion "1"]
[SourceVersionDate "2008.07.14"]
[SourceQuality "2"]

1. e4 c5 2. Nf3 Nc6 3. d4 cxd4 4. Nxd4 e5 5. Nb5 d6 6. N1c3 a6 7. Na3 f5 8.
exf5 Bxf5 9. Nc4 Nf6 10. Bg5 Nd4 11. Bd3 Be6 12. O-O Be7 13. f4 b5 14. fxe5
bxc4 15. exf6 Qb6 16. Be3 Bxf6 17. Rxf6 gxf6 18. Be4 Rb8 19. Bxd4 Qd8 20. Qh5+
Kd7 21. Nd5 Bxd5 22. Bxd5 Qe7 23. Qf5+ Kc7 24. Bxc4 1-0

[Event "Monarch Assurance Isle of Man 10th"]
[Site "Port Erin IOM"]
[Date "2001.09.29"]
[Round "1.19"]
[White "Yurenok, Maria"]
[Black "Simons, Martin"]
[Result "0-1"]
[WhiteElo "2088"]
[BlackElo "2215"]
[PlyCount "134"]
[EventDate "2001.09.29"]
[EventType "swiss"]
[EventRounds "9"]
[EventCountry "IOM"]
[SourceTitle "BritBase"]
[SourceDate "2008.07.14"]
[SourceVersion "1"]
[SourceVersionDate "2008.07.14"]
[SourceQuality "2"]

1. d4 Nf6 2. Nf3 d6 3. Bg5 Nbd7 4. Nbd2 g6 5. e4 e5 6. c3 Bg7 7. h3 O-O 8. dxe5
dxe5 9. Bc4 Qe7 10. O-O Nc5 11. Qc2 Ne6 12. Be3 Nh5 13. Rfe1 Nef4 14. Kh2 g5
15. g4 Nf6 16. b4 b6 17. Bxf4 gxf4 18. Rg1 Rd8 19. Rad1 Nd7 20. g5 Nf8 21. Nh4
h6 22. Nf5 Bxf5 23. exf5 hxg5 24. Ne4 Nh7 25. Bd5 Rab8 26. Qe2 Nf6 27. Nxf6+
Bxf6 28. Rg2 Kg7 29. c4 Rh8 30. b5 Rh4 31. Rg4 Rbh8 32. Rxh4 Rxh4 33. Rg1 Qa3
34. f3 Qc5 35. Rg4 Qe3 36. Qxe3 fxe3 37. Rg2 Rd4 38. Be4 Rxc4 39. Bd3 Rd4 40.
Be2 Be7 41. Bf1 Kf6 42. Re2 Rd2 43. Kg3 Rxe2 44. Bxe2 Kxf5 45. Bd3+ Ke6 46. Kg2
Kd5 47. Kf1 c5 48. bxc6 Kxc6 49. Ke2 Bc5 50. Bc4 f6 51. Kd3 Bd4 52. Kc2 Kc5 53.
Bd3 Ba1 54. Kd1 Kd4 55. Ke2 Bc3 56. Bc2 Bb4 57. Kd1 Kc3 58. Be4 Bc5 59. Ke2 Bd4
60. Bd3 Kb2 61. Bc4 b5 62. Bxb5 Kxa2 63. Ba6 Kb3 64. Kd3 Kb4 65. Kc2 f5 66. Kb1
f4 67. Be2 a5 0-1

[Event "Monarch Assurance Isle of Man 10th"]
[Site "Port Erin IOM"]
[Date "2001.09.29"]
[Round "1.20"]
[White "Collins, Sam IRL"]
[Black "Spanton, Tim"]
[Result "1-0"]
[WhiteElo "2194"]
[BlackElo "2051"]
[PlyCount "53"]
[EventDate "2001.09.29"]
[EventType "swiss"]
[EventRounds "9"]
[EventCountry "IOM"]
[SourceTitle "BritBase"]
[SourceDate "2008.07.14"]
[SourceVersion "1"]
[SourceVersionDate "2008.07.14"]
[SourceQuality "2"]

1. e4 c5 2. Nf3 g6 3. d4 cxd4 4. Nxd4 Nc6 5. c4 Bh6 6. Bxh6 Nxh6 7. Nc3 d6 8.
Be2 O-O 9. Qd2 Ng4 10. Bxg4 Bxg4 11. h4 Nxd4 12. Qxd4 Qa5 13. Qd2 Rac8 14. b3
a6 15. Nd5 Qxd2+ 16. Kxd2 Rfe8 17. a4 a5 18. f3 Be6 19. Nf4 Bd7 20. Rae1 f6 21.
g4 Kf7 22. Rh2 Rc5 23. Rg1 Rc7 24. g5 f5 25. h5 Rcc8 26. hxg6+ hxg6 27. Rh7+
1-0

[Event "Monarch Assurance Isle of Man 10th"]
[Site "Port Erin IOM"]
[Date "2001.09.29"]
[Round "1.21"]
[White "Benson, Paul"]
[Black "Howell, David W"]
[Result "0-1"]
[WhiteElo "2046"]
[BlackElo "2193"]
[PlyCount "78"]
[EventDate "2001.09.29"]
[EventType "swiss"]
[EventRounds "9"]
[EventCountry "IOM"]
[SourceTitle "BritBase"]
[SourceDate "2008.07.14"]
[SourceVersion "1"]
[SourceVersionDate "2008.07.14"]
[SourceQuality "2"]

1. d4 Nf6 2. Nc3 d5 3. Bg5 Nbd7 4. Nf3 g6 5. e3 Bg7 6. Bd3 O-O 7. O-O c5 8. Ne5
cxd4 9. exd4 Nxe5 10. dxe5 Ng4 11. Be2 d4 12. Nb5 Nxe5 13. Nxd4 a6 14. c3 Bd7
15. Qb3 h6 16. Bh4 b5 17. Rad1 Rc8 18. Qa3 g5 19. Bg3 Qe8 20. Nf3 Nc4 21. Bxc4
Rxc4 22. Ne5 Bxe5 23. Bxe5 Ra4 24. Qc5 Rxa2 25. Qd4 f6 26. Bc7 Bc6 27. b4 Qa8
28. f3 Qb7 29. Qb6 Qxb6+ 30. Bxb6 Kf7 31. Ra1 Ra4 32. Kf2 Rb8 33. Ba5 Bd5 34.
Rfd1 e6 35. Ke3 Rc8 36. Rxa4 bxa4 37. Kd2 Bb3 38. Rb1 Rc6 39. Kd3 e5 {time} 0-1

[Event "Monarch Assurance Isle of Man 10th"]
[Site "Port Erin IOM"]
[Date "2001.09.29"]
[Round "1.22"]
[White "Spence, David J"]
[Black "Stuart, E Leslie"]
[Result "1-0"]
[WhiteElo "2185"]
[BlackElo "2039"]
[PlyCount "57"]
[EventDate "2001.09.29"]
[EventType "swiss"]
[EventRounds "9"]
[EventCountry "IOM"]
[SourceTitle "BritBase"]
[SourceDate "2008.07.14"]
[SourceVersion "1"]
[SourceVersionDate "2008.07.14"]
[SourceQuality "2"]

1. e4 c5 2. c3 e6 3. d4 d5 4. e5 Bd7 5. Nf3 Nh6 6. Be2 Nc6 7. O-O Rc8 8. dxc5
Bxc5 9. Bf4 O-O 10. Qc1 Nf5 11. Bd3 Nh4 12. Nbd2 Ng6 13. Nb3 Be7 14. Bxg6 hxg6
15. Qd2 Qe8 16. Nfd4 f6 17. Nxc6 bxc6 18. Qc2 Qf7 19. Bg3 c5 20. Nd2 g5 21. f4
Bb5 22. c4 Bc6 23. fxg5 Qh5 24. exf6 gxf6 25. cxd5 exd5 26. Rae1 Rf7 27. Qf5
Rff8 28. Rxe7 Qxg5 29. Qh7# 1-0